000 00501nam a2200181Ia 4500
008 100921s9999 xx 000 0 und d
082 _b16524
_a891.463 थ 77
100 _aजाईल ना.ज.
245 _aकालिंदी.
260 _b---
_c1977
300 _a174
_b---
365 _b12
520 _aललित-कादंबरी.
630 _aकालिंदी.
650 _aललित-कादंबरी.
730 _aकालिंदी.
942 _cBOOK
999 _c765637
_d765634